1731 1017 1514 1491 1665 1082 1096 1629 1814 1109 1250 1750 1960 1404 1786 1352 1321 1472 1720 1822 1771 1169 1099 1562 1835 1915 1454 1768 1246 1624 1130 1549 1346 1287 1984 1451 1012 1621 1417 1025 1856 1337 1604 1723 1276 1884 1322 1858 1454 1735 1253 1192 1805 1377 1996 1474 1343 1160 1916 1799 1230 1598 1115 1220 1600 1007 1140 1117 1013 1167 1899 1861 1452 1188 1904 1559 1669 1686 1612 1353 1862 1064 1561 1948 1677 1583 1756 1817 1464 1576 1992 1501 1292 1445 1093 1115 1158 1958 1361 BCNSPRNW ULIB Ver.6.0+V

เปลี่ยนเป็นภาษาไทย

Change to English
 แสดงรายละเอียดบรรณานุกรม
  กลับหน้าหลัก

Brief Record : Get Marc (ISO 2709) : E-mail record : QR code < ปิดหน้าต่าง
LEADER : 00000nam 2200000uu 4500
001    13399111745
003     ULIB
008    110707s2551||||th 000 0 tha d
020    9789748233338
090 04 CT3203^bส357ค 2551
100 0  สฤณี อาชวานันทกุล
245 10 คน(ไม่)สำคัญ /^cสฤณี อาชวานันทกุล
260    กรุงเทพฯ :^bopenbooks,^c2551
300    170 หน้า :^bภาพประกอบ ;^c20 ซม
650  7 การเปลี่ยนแปลงทางสังคม
945    ^p150^l0^i028004
995    ทศพร
999 ^a ใช้งานได้ทุกระบบ
รายการนี้ยังไม่มีแท็ก
คุณยังไม่ได้ล็อกอิน คุณสามารถมีกิจกรรมร่วมกับเว็บไซต์ได้ แต่ต้องล็อกอินก่อน ::
  ล็อกอิน

รายการสื่อสารสนเทศ

ลำดับที่ ประเภท เลขเรียก/บาร์โค้ด สถานที่ สถานะ
- ไม่พบข้อมูล -

รายการใกล้เคียง
    หัวเรื่อง [การเปลี่ยนแปลงทางสังคม]

BibComment


ยังไม่เคยถูกคอมเมนท์

คอมเมนท์ทรัพยากรรายการนี้
  คอมเมนท์: คนไม่สำคัญ สฤณี ..


 Copyright 2026. Bcnsprnw @Library